| 000 | 02105cam a22005174i 4500 | ||
|---|---|---|---|
| 003 | PE-LiUPU | ||
| 005 | 20250731165636.0 | ||
| 008 | 150616s r 000 0 d | ||
| 020 | _a0905774418 | ||
| 035 | _a(Sirsi) i9780905774411 | ||
| 040 |
_aPE-LiUPU _bspa _cPE-LiUPU _erda |
||
| 049 | _aPRUA | ||
| 082 | 0 | 4 |
_a221.07 _bJ _221 |
| 100 | 1 |
_aGoulder, Michael D., _eautor. |
|
| 245 | 1 | 4 |
_aThe Psalms of the Sons of Korah. _n20 / _cMichael D. Guoulder. |
| 264 | 1 |
_aSheffield : _bSheffield Academic Press, Ltd., _c1982. |
|
| 300 |
_a302 páginas ; _c21 centímetros |
||
| 336 |
_atext _2rdacontent |
||
| 337 |
_aunmediated _2rdamedia |
||
| 338 |
_avolume _2rdacarrier |
||
| 490 | 0 |
_aJournal for the Study of the O.Testament Suplem. Series ; _v20 |
|
| 505 | 0 | _aA Sequence of festal psalms -- The psalms of pilgrimage (Psalms 42,43,84) -- The priesthood at dan -- The pre-festal lament (Psalms 44,85) -- The first days of the feast (Psalms 45,46) -- The diddle of the feast (Psalms 47,48,87) -- The nadir of the feast (Psalms 49,88) -- The climax of the feast, and its transfer south (Psalm 89) -- From canaan to Israel -- Psalms. | |
| 526 | _aSEG44 | ||
| 526 | _aSEG26 | ||
| 526 | _aP151 | ||
| 526 | _aP150 | ||
| 526 | _aP149 | ||
| 526 | _aP146 | ||
| 526 | _aP145 | ||
| 526 | _aP126 | ||
| 526 | _aP125 | ||
| 526 | _aP92 | ||
| 526 | _aP75 | ||
| 526 | _aP74 | ||
| 526 | _aP27 | ||
| 526 | _aP15 | ||
| 630 |
_aBiblia. _pA.T. _pSalmos _xComentarios. |
||
| 650 | 0 | 4 | _a |
| 910 |
_ajck _bjvq _cjck |
||
| 942 |
_2ddc _cBOOK |
||
| 949 |
_aRC 221.07 J 20 _wDEWEY _c1 _i40071 _lCCODEBUL1 _mBUL _r0 _sY _tBOOK _u2015-6-16 _xTEOLOGIA _zUNKNOWN _0COMPRA _o.CIRCNOTE. No olvidar cambiar la fecha de devolución!!!!!!! _o.STAFF. Colección General |
||
| 994 |
_aC0 _bPEPRU |
||
| 596 | _a1 | ||
| 999 |
_aRC 221.07 J 20 _wDEWEY _c57854 _i40071 _f2021-11-8 _g6 _lCCODEBUL1 _mBUL _r1 _sY _tBOOK _u2015-6-16 _xTEOLOGIA _zUNKNOWN _0COMPRA _o.CIRCNOTE. No olvidar cambiar la fecha de devolución!!!!!!! _o.STAFF. Colección General _d57854 |
||
| 980 |
_81 _gALBERTO SANCHEZ Responsable de Automatización |
||